000 00292nam a2200133Ia 4500
100 _aJain/R.P.
250 _a3
942 _cBK
654 _adigital
245 _aDigital Electronics & Microprocessors
260 _bTata Mc Graw hill
_aNew Delhi
_c1992
300 _a335
546 _aENGLISH
999 _c22814
_d22814